Trendy a východiská stratégie služieb v SR

Rast významu služieb. Nízkoproduktívne a vysokoproduktívne služby. Rozvoj služieb v spojení s globalizáciou. Vývojové črty a trendy služieb. Hybné sily služieb. Inovácie služieb.

Guardado en:
Detalles Bibliográficos
Autor principal: Michalová, Valéria
Formato: Capítulo de libro
Lenguaje:eslovaco
Materias:
Etiquetas: Agregar Etiqueta
Sin Etiquetas, Sea el primero en etiquetar este registro!

MARC

LEADER 00000nla$a2200000$$$4500
001 0080363
005 20240502071917.9
041 0 |a slo 
044 |a SK 
245 1 0 |a Trendy a východiská stratégie služieb v SR  |c Valéria Michalová 
520 |a Rast významu služieb. Nízkoproduktívne a vysokoproduktívne služby. Rozvoj služieb v spojení s globalizáciou. Vývojové črty a trendy služieb. Hybné sily služieb. Inovácie služieb. 
610 2 0 |a služby 
610 2 0 |a Slovensko 
610 2 0 |a spotreba 
610 2 0 |a inovácia 
610 2 0 |a outsourcing 
610 2 0 |a offshoring 
100 1 |a Michalová, Valéria